000 01305cam a22003015a 4500
001 L160118
008 170725s2016 xxk f 000 0 eng d
035 _a(Sirsi) u160118
041 0 _aeng
110 2 _aRoyal Institution of Chartered Surveyors
_94900
245 0 2 _aA comparative study of construction cost and commercial management services in the UK and China
_h[electronic resource]
260 _aLondon
_bRICS
_c2016
490 0 _aRICS Research
520 _aCompares the two of the most popular mainstream cost management systems in the world promoting construction cost management consultants to better understand complex client needs.
590 _aNTK
650 2 4 _aBUILT ENVIRONMENT-BUILDING COSTS
650 2 4 _aCOST MANAGEMENT
_96233
650 2 4 _aConstruction management
_96230
651 _aUnited Kingdom
651 4 _aChina
700 1 _aZhou, Lei
700 1 _aUdeaja, Chika E.
700 1 _aVictoria, Michele
700 1 _aChen, Qijun
856 4 0 _uhttps://www.rics.org/Global/UK_China_Construction_English_160516_dwl_Research.pdf
_zView the research free of charge from at www.rics.org.
856 4 0 _uhttps://www.rics.org/Global/UK_China_Construction_Chinese_160516_dwl_Research.pdf
_zView the research in Mandarin free of charge from at www.rics.org.
942 _n0
999 _c116233
_d116233